Kavikaustubhaḥ. (Record no. 85631)
[ view plain ]
| 000 -LEADER | |
|---|---|
| fixed length control field | 00964cam a22002891 4500 |
| 001 - CONTROL NUMBER | |
| control field | sa 68014228 |
| 003 - CONTROL NUMBER IDENTIFIER | |
| control field | DLC |
| 005 - DATE AND TIME OF LATEST TRANSACTION | |
| control field | 20260227112629.0 |
| 008 - FIXED-LENGTH DATA ELEMENTS--GENERAL INFORMATION | |
| fixed length control field | 860219s1968 ii 000 0 sanx |
| 010 ## - LIBRARY OF CONGRESS CONTROL NUMBER | |
| LC control number | sa 68014228 |
| 020 ## - INTERNATIONAL STANDARD BOOK NUMBER | |
| Terms of availability | 2.00 |
| 025 ## - OVERSEAS ACQUISITION NUMBER | |
| Overseas acquisition number | PL480: I-San-1138 |
| 035 ## - SYSTEM CONTROL NUMBER | |
| System control number | (OCoLC)13883104 |
| 040 ## - CATALOGING SOURCE | |
| Original cataloging agency | DLC |
| Transcribing agency | NN |
| Modifying agency | DLC |
| 041 0# - LANGUAGE CODE | |
| Language code of text/sound track or separate title | saneng |
| 042 ## - AUTHENTICATION CODE | |
| Authentication code | premarc |
| 050 00 - LIBRARY OF CONGRESS CALL NUMBER | |
| Classification number | PK840 |
| Item number | .R33 1968 |
| 100 0# - MAIN ENTRY--PERSONAL NAME | |
| Personal name | Raghunātha Manohara, |
| Dates associated with a name | approximately 1758-approximately 1820. |
| 245 10 - TITLE STATEMENT | |
| Title | Kavikaustubhaḥ. |
| Statement of responsibility, etc. | Raghunātha-Manohara-praṇītaḥ. |
| 250 ## - EDITION STATEMENT | |
| Edition statement | prathamāvr̥tli. |
| 260 ## - PUBLICATION, DISTRIBUTION, ETC. | |
| Place of publication, distribution, etc. | Jodhapura, |
| Name of publisher, distributor, etc. | Rājasthāna Prācyavidyā Pratiṣṭhāna, |
| Date of publication, distribution, etc. | 1968. |
| 300 ## - PHYSICAL DESCRIPTION | |
| Extent | 2, 32, 13 p. |
| Other physical details | 25 cm. |
| 440 #0 - SERIES STATEMENT/ADDED ENTRY--TITLE | |
| Title | Rājasthāna puratana granthamālā, |
| Volume/sequential designation | granthaṅka 95 |
| 500 ## - GENERAL NOTE | |
| General note | In Sanskrit; introductory matter in Hindi; notes and appendix in English and Sanskrit. |
| 504 ## - BIBLIOGRAPHY, ETC. NOTE | |
| Bibliography, etc. note | Bibliographical footnotes. |
| 650 #0 - SUBJECT ADDED ENTRY--TOPICAL TERM | |
| Topical term or geographic name entry element | Sanskrit language |
| General subdivision | Rhetoric. |
No items available.